000 00679nam a22002417a 4500
005 20240910165924.0
010 _aENG-98271 ENG-141726
020 _a8187332506
_c75.00
020 _a9788193731901
_c250.00
035 _aEN-81804
035 _aEN-125258
037 _bDBAD/
082 _a954.01
245 _aBharatatattva:
_bCourse in indology/
260 _aKolkata
_bThe Ramakrishna Mission Institute of Cultutre
_c2006
270 _aKolkata
_bKolkata
_e700029
300 _av.2 (xii,347p.)
_c22cm (pbk)
300 _av.3 (xiv,418p.)
490 _vVol 3
650 _zIndia
_971447
650 _aStudy Skill
_971448
942 _2ddc
_cEN
_h954.01
_mBHA
999 _c39372
_d39372